00918 2200289 4500001002100000005001500021035002500036020002200061040001700083082001400100084001600114090002000130090002200150100003600172245011500208250003000323260003800353300005200391650002300443700003400466700002800500850001200528008004100540007000300581999002200584990002200606INLIS00000000003505120191203025618 a0010-041800000000230 a978-602-6284-46-4 aYOPDYOGbind04223a028.5 a028.5 FAH b aDEP 028.5 FAH b aCB-D.11 2017-23200 aFahruddin Ghozyd1976-epenulis10aBelajar dari siswa pindahan /cpenulis, Fahrudin Ghozy; penyunting, Latief S. Nugraha; ilustrator, Eko Pramono aCetakan pertama, Mei 2017 aYogyakarta :bBalai Bahasa,c2017 avii, 47 halaman :bilustrasi berwarna ;c21 cm. 4aBacaan kanak-kanak0 aLatief S. Nugrahaepenyunting0 aEko Pramonoeilustrator aYOPDYOG180404s2017 yoia b 1 ind dta aCB-D.11/2017-2320 aCB-D.11/2017-2320